Application of the system analysis for fragmentation and correlation of jurassic terrigenous sections on hydrocarbon deposits of Tomsk oblast; Bulletin of the Tomsk Polytechnic University; Vol. 311, № 1
| Parent link: | Bulletin of the Tomsk Polytechnic University/ Tomsk Polytechnic University (TPU).— , 2006-2007 Vol. 311, № 1.— 2007.— [P. 55-59] |
|---|---|
| Autor principal: | |
| Sumario: | Заглавие с титульного листа Электронная версия печатной публикации The results of interpretation of a complex of logging diagrams for lithologic characteristics of a terrigenous section and allocation of marking horizons (reference points) are examined. Chronostratigraphic subdivisions in the volume of Middle-Upper-Jurassic strata by the wells of Aleksandrovskiy, Srednevasyugan, Pudinskiy and Kazanskiy oil-and-gas bearing areas of the south-east of the Western-Siberian province are allocated. The conclusion drawn, that the method of system analysis of rock associations allows to carry out correlation of polifacies sedimentary strata, tracing complete various ranked systems in time (geochronolites) |
| Lenguaje: | inglés |
| Publicado: |
2007
|
| Colección: | Geology of oil and gas |
| Materias: | |
| Acceso en línea: | http://www.lib.tpu.ru/fulltext/v/Bulletin_TPU/2007/v311eng/i1/09.pdf |
| Formato: | MixedMaterials Electrónico Capítulo de libro |
| KOHA link: | https://koha.lib.tpu.ru/cgi-bin/koha/opac-detail.pl?biblionumber=182504 |
MARC
| LEADER | 00000nla2a2200000 4500 | ||
|---|---|---|---|
| 001 | 182504 | ||
| 005 | 20231031171323.0 | ||
| 035 | |a (RuTPU)RU\TPU\book\197844 | ||
| 035 | |a RU\TPU\book\197842 | ||
| 090 | |a 182504 | ||
| 100 | |a 20100622d2007 k y0rusy50 ca | ||
| 101 | 1 | |a eng |c rus | |
| 102 | |a RU | ||
| 135 | |a drnn ---uucaa | ||
| 200 | 1 | |a Application of the system analysis for fragmentation and correlation of jurassic terrigenous sections on hydrocarbon deposits of Tomsk oblast |b Electronic resource |f A. V. Yezhova | |
| 203 | |a Text |c electronic | ||
| 215 | |a 1 файл (4.7 Мб) | ||
| 225 | 1 | |a Geology of oil and gas | |
| 230 | |a Электронные текстовые данные (1 файл : 4.7 Мб) | ||
| 300 | |a Заглавие с титульного листа | ||
| 300 | |a Электронная версия печатной публикации | ||
| 320 | |a [Bibliography: p. 59 (6 titles)] | ||
| 330 | |a The results of interpretation of a complex of logging diagrams for lithologic characteristics of a terrigenous section and allocation of marking horizons (reference points) are examined. Chronostratigraphic subdivisions in the volume of Middle-Upper-Jurassic strata by the wells of Aleksandrovskiy, Srednevasyugan, Pudinskiy and Kazanskiy oil-and-gas bearing areas of the south-east of the Western-Siberian province are allocated. The conclusion drawn, that the method of system analysis of rock associations allows to carry out correlation of polifacies sedimentary strata, tracing complete various ranked systems in time (geochronolites) | ||
| 337 | |a Adobe Reader | ||
| 461 | 1 | |0 (RuTPU)RU\TPU\book\169973 |t Bulletin of the Tomsk Polytechnic University |f Tomsk Polytechnic University (TPU) |d 2006-2007 | |
| 463 | 1 | |0 (RuTPU)RU\TPU\book\197808 |x 1684-8519 |t Vol. 311, № 1 |v [P. 55-59] |d 2007 |p 139 p. | |
| 610 | 1 | |a system analysis | |
| 610 | 1 | |a fragmentation | |
| 610 | 1 | |a correlations | |
| 610 | 1 | |a jurassic terrigenous sections | |
| 610 | 1 | |a deposits | |
| 610 | 1 | |a hydrocarbons | |
| 610 | 1 | |a Tomsk oblast | |
| 610 | 1 | |a logging diagrams | |
| 610 | 1 | |a lithologic characteristics | |
| 610 | 1 | |a marking horizons | |
| 610 | 1 | |a reference points | |
| 610 | 1 | |a oil-and-gas bearing areas | |
| 610 | 1 | |a Western-Siberian province | |
| 610 | 1 | |a system analysis | |
| 610 | 1 | |a sedimentary strata | |
| 610 | 1 | |a geochronolites | |
| 610 | 1 | |a труды учёных ТПУ | |
| 610 | 1 | |a электронный ресурс | |
| 675 | |a 552.5:550.8 (571.16) |v 3 | ||
| 700 | 1 | |a Yezhova |b A. V. | |
| 801 | 1 | |a RU |b 63413507 |c 20090623 |g PSBO | |
| 801 | 2 | |a RU |b 63413507 |c 20110331 |g PSBO | |
| 856 | 4 | |u http://www.lib.tpu.ru/fulltext/v/Bulletin_TPU/2007/v311eng/i1/09.pdf | |
| 942 | |c CF | ||